[Event "FRA-ch U18 Girls"]
[Site "Saint Paul Trois Chateaux"]
[Date "2013.05.06"]
[Round "9"]
[White "Wonner, Sarah"]
[Black "Suescun, Melanie"]
[Result "0-1"]
[WhiteElo "1598"]
[BlackElo "1554"]
[PlyCount "120"]
[EventDate "2013.04.28"]
[EventType "swiss"]
[EventRounds "9"]
[EventCountry "FRA"]
[SourceTitle "CBM 154 Extra"]
[Source "ChessBase"]
[SourceDate "2013.06.25"]
[SourceVersion "2"]
[SourceVersionDate "2013.06.25"]
[SourceQuality "1"]

1. d4 d5 2. Bf4 Nf6 3. Nf3 e6 4. e3 Bd6 5. Bg5 Nbd7 6. c4 c6 7. c5 Be7 8. Bd3 h6 9. Bf4 b6 10. b4 a5 11. Qb3 axb4 12. Qxb4 bxc5 13. dxc5 Bxc5 14. Qb3 Qa5+ 15. Nfd2 Bb4 16. Qc2 e5 17. Bg3 c5 18. 0-0 c4 19. Be2 0-0 20. a3 Bd6 21. Rd1 Qc7 22. Nc3 Ba6 23. h3 Rfb8 24. Qa2 Nc5 25. Rab1 Rxb1 26. Rxb1 Rb8 27. Rxb8+ Qxb8 28. Bxc4 dxc4 29. Nxc4 Bxc4 30. Qxc4 Qb3 31. Qxb3 Nxb3 32. a4 Nd7 33. Kf1 Bb4 34. Nd5 Bd6 35. Ke2 Ndc5 36. Nc3 f6 37. f3 Kf7 38. Be1 Bc7 39. Nb5 Bd8 40. e4 Ke6 41. Ke3 Bb6 42. Bb4 Na6+ 43. Kd3 Nbc5+ 44. Kc4 Nxb4 45. Kxb4 Nd3+ 46. Kc4 Ne1 47. Nc3 Nxg2 48. Ne2 Nf4 49. Nxf4+ exf4 50. Kd3 f5 51. h4 g5 52. hxg5 fxe4+ 53. Kxe4 hxg5 54. Kd3 Kf5 55. Ke2 g4 56. fxg4+ Kxg4 57. Ke1 Kg3 58. Kf1 f3 59. a5 Ba7 60. a6 f2 0-1